Tratado ascético
Spremljeno u:
| Glavni autor: | |
|---|---|
| Format: | Knjiga |
| Jezik: | španjolski |
| Izdano: |
Madrid
Ciudad Nueva
1994
|
| Serija: | Biblioteca de Patrística, 24
|
| Teme: | |
| Oznake: |
Dodaj oznaku
Bez oznaka, Budi prvi tko označuje ovaj zapis!
|
MARC
| LEADER | 00000nam a2200000 a 4500 | ||
|---|---|---|---|
| 001 | UCU7343 | ||
| 003 | CL-VaPUC | ||
| 008 | 960628e19940000SP |||||||||||||||||spa|d | ||
| 082 | 0 | 4 | |a 281 |b NIL |2 21 |
| 100 | |a Nilo de Ancira |e autor |9 366135 | ||
| 245 | 1 | 0 | |a Tratado ascético |
| 300 | |a 243 p | ||
| 942 | |c BK | ||
| 945 | |d 19960628 00:00:00 |a aalvarez | ||
| 260 | |a Madrid |b Ciudad Nueva |c 1994 | ||
| 650 | 0 | |a Padres de la Iglesia |9 313352 | |
| 650 | 0 | |a Patrística |9 322007 | |
| 650 | 0 | |a Ascetismo |9 319291 | |
| 650 | 0 | |a Patrología |9 349346 | |
| 583 | |a last modification |c 19960628 00:00:00 |k Rodrigo Vera | ||
| 490 | 0 | |a Biblioteca de Patrística, 24 | |
| 999 | |c 250004 |d 250002 | ||
| 952 | |0 0 |1 0 |4 0 |6 281_000000000000000_NIL_1994 |7 0 |8 A |9 267630 |a BIBTEO |b BIBTEO |d 2019-11-19 |i 3211304 |l 1 |o 281 NIL 1994 |p 3211304 |r 2024-12-04 |s 2024-11-28 |w 2019-11-19 |y BK |k ICR | ||
| 952 | |0 0 |1 0 |4 0 |6 281_000000000000000_NIL_1994 |7 0 |8 A |9 267631 |a BIBTEO |b BIBTEO |d 2019-11-19 |i 3678385 |o 281 NIL 1994 |p 3678385 |r 2024-01-18 |w 2019-11-19 |y BK |k ICR | ||